000 00439nam a2200181Ia 4500
001 22971
005 20260414150906.0
008 260414t1997||||xx |||||||||||||| ||spa||
041 _aESP
082 _a624.171
_bP33
100 _aPaz, Mario
_eAUT
245 0 _aStructural dynamics :
_btheory and computation
260 _c1997
300 _axxii, 824 páginas :
_c24 cm.
650 _a0
654 _aCIC
942 _cLIB
_dJUS
_fJUS
_2ddc
_n
999 _c22971
_d22971